Регионална библиотека "Любен Каравелов" - Русе

Стихотворения. | В полите на Витоша (Запис номер 367470)

MARC детайли
000 -Лидер
Контролно поле с фиксирана дължина 01511nam a2200361 c 4500
003 - Код на организацията, давaща контролен номер
Контролно поле BLK
005 - Дата и час на последна редакция
Контролно поле 20240730084216.0
008 - Елементи от данни с фиксирана дължина
fixed length control field 200311b bul|||||r ||||||| ||bul||
010 ## - Наследен системен номер
LC control number KNG00099616RET
040 ## - Източник на каталожния запис
Идентификатор на билиотеката - собственик на записа BLK
041 ## - Код за език
Код за езика на текст/звукозапис или на отделно заглавие Български
Код за езика КДБФ Български
080 ## - УДК
Текстов определител УДК Българска литература
УДК код - определител по УДК 821.163.2
УДК определител -1
УДК - код + определител 821.163.2-1
100 ## - Редна дума - Автор
Автор Яворов, Пейо Крачолов
Дати, свързани с автора 1878 - 1914
Пълна форма на името Крачолов, Пейо Тотев
R(LIN) 245003
139 ## - Редно поле
Редна дума Яворов, Пейо Крачолов
Авторски знак Яво - Я 18
245 10 - Сведения за заглавието
Заглавие Стихотворения.
Редно поле (дума) Пейо Крачолов Яворов; предг., състав., ред. Пенчо Иванов Данчев;
245 10 - Сведения за заглавието
Заглавие В полите на Витоша
Подзаглавни данни Драма
250 ## - Област на изданието
Сведения за изданието 6. изд.
257 ## - Страна на издаване
Страна на създаване/издаване България
260 ## - Област на издателските данни
Място на издаване, разпространение и проч. София
Име на издателя, разпространителя и проч. Бълг. писател
Година на издаване 1984
Печатница Враца : В. Александров
9 (RLIN) 209502
Издателство - префикс ISBN 978-619-204- ; 978-954-443- ; 954-90895-
300 ## - Физическа характеристика
Страници 263 с.
Размери/Мащаб 21 см
380 ## - Жанр
Жанр Худож. лит.
490 1# - СЕРИИ (Колекции)
Име на серия Библиотека за ученика
500 ## - Общи забележки
Забележка 1. изд. 1978. - В кн. означено 6. изд. 50 113 тир. 0,76 лв.
650 #0 - Допълнително описание по предмет – тема
Основно описание – тема или топоним Българска литература
9 (RLIN) 243597
653 #7 - Ключова дума – ненормативна
Ключова дума поезия
9 (RLIN) 193978
700 ## - Други автори (авторска отговорност)
Лично име Данчев, Пенчо Иванов
Автороска отговорност (Описва отношението между автора и произведението) състав., предг. и ред.
9 (RLIN) 1564
852 ## - Местоположение
Форматна сигнатура БК 2907
856 4# - Електронен адрес и достъп
Електронен формат pdf - файл
Път до файла /url/
856 4# - Електронен адрес и достъп
Електронен формат pdf - файл
Път до файла /url/
999 ## - СИСТЕМНИ КОНТРОЛНИ НОМЕРА
Koha biblionumber 367470
Koha biblioitemnumber 367470
942 ## - АРТИКУЛИ
Вид на библиотечния материал Книги
Скрит в OPAC Не
Периодичен библиозапис Да
944 ## - СЪЗДАВАНЕ И РЕДАКЦИЯ на ЗАПИСА
Създаване/Редакция Създаване
Дата на регистрацията/редакция 2020-06-10
Служител, извършил регистрацията/редакцията 30545
Статус, дата на статуса Нора Радева
999 ## - СИСТЕМНИ КОНТРОЛНИ НОМЕРА
Koha biblioitemnumber 436901
Наличности
Код за отписване Код за изгубен артикул Източник на класификационната схема Код за повреда Коз за рестрикции Код за отдаване Артикулен № Име на библиотеката - собственик Име на библиотеката, в която се намира в момента Статус (Текущо местоположение) Дата на вписване в системата Местоположение - отдел Цена в лева Инвентарен номер Систематично азбучна сигнатура Баркод Цена в евро Служебен тип на артикула
  Не е изгубен Universal Decimal Classification Не е повреден без рестрикции ползва се в читалня 775705 Регионална библиотека "Любен Каравелов" Русе Регионална библиотека "Любен Каравелов" Русе Хранилище 2020-06-11 Хранилище 0.76 405704 Цб 126548 120000405704 0.39 Книги
Vip Innovations Ltd, Rousse, Bulgaria 2025